01017nam a2200277 i 4500001000300000100002400003245013400027246004700161260005500208300003600263500008000299504002400379650001000403655003000413700001900443700002700462700002800489015001800517020001500535040000800550041001800558080001200576080001200588008004100600856009800641bg1 aJohnson, Michael K.10aOprogramowanie użytkowe w systemie Linux /cMichael K. Johnson, Erik W. Troan ; z ang. przeł. Agata Janowska, Paweł Janowski. iTyt. oryg.:aLinux application development aWarszawa :bWydawnictwa Naukowo-Techniczne,c2000. aXXI, [3], 551, [1] s. ;c25 cm. aTyt. oryg.: "Linux application development" 1998. - Dodatki częśc. ang. aBibliogr. - Indeks. 9aLinux aPodręczniki akademickie1 aTROAN, Erik W.1 aJANOWSKA, Agata.eTł.1 aJANOWSKI, Paweł.eTł. aPB 22892/2000 a8320425522 cBPK1 apolgengheng a004.451 a(075.8)010119s2000 pl f |000 0 pol  uhttp://koha.tu.koszalin.pl/cgi-bin/koha/opac-detail.pl?biblionumber=41475yKatalog online BPK